[Event "Medellin de La Raza op"]
[Site "Medellin"]
[Date "2023.10.16"]
[Round "10"]
[White "Ripa Carrasco, Dario"]
[Black "Paredes Lagos, Anthony Javier"]
[Result "1/2-1/2"]
[WhiteElo "2131"]
[BlackElo "2362"]
[PlyCount "32"]
[EventDate "2023.10.12"]
[EventType "swiss"]
[EventRounds "10"]
[EventCountry "COL"]
[SourceTitle "Mega2024 Update 01"]
[Source "Chessbase"]
[SourceDate "2023.11.12"]
[SourceVersion "1"]
[SourceVersionDate "2023.11.12"]
[SourceQuality "1"]

1. d4 d5 2. Nf3 Nf6 3. g3 Bf5 4. Bg2 Nbd7 5. 0-0 Nb6 6. Nbd2 e6 7. c4 dxc4 8. Nxc4 Nxc4 9. Qa4+ c6 10. Qxc4 Be4 11. Bg5 Be7 12. Bxf6 Bxf6 13. e3 Bxf3 14. Bxf3 a5 15. b3 h5 16. a3 g6 1/2-1/2

[Event "Medellin de La Raza op"]
[Site "Medellin"]
[Date "2023.10.16"]
[Round "9"]
[White "Vargas, Mauricio"]
[Black "Ripa Carrasco, Dario"]
[Result "0-1"]
[WhiteElo "1933"]
[BlackElo "2131"]
[PlyCount "86"]
[EventDate "2023.10.12"]
[EventType "swiss"]
[EventRounds "10"]
[EventCountry "COL"]
[SourceTitle "Mega2024 Update 01"]
[Source "Chessbase"]
[SourceDate "2023.11.12"]
[SourceVersion "1"]
[SourceVersionDate "2023.11.12"]
[SourceQuality "1"]

1. e4 c5 2. Nf3 e6 3. d4 cxd4 4. Qxd4 Nc6 5. Qe3 d6 6. Nc3 Be7 7. Bc4 a6 8. a4 Qc7 9. 0-0 Nf6 10. h3 0-0 11. Qe2 Bd7 12. Bf4 Rac8 13. Ba2 Qb6 14. Qd2 Nb4 15. Bb3 d5 16. a5 Qc6 17. Ba4 Qc5 18. Be3 Qc4 19. Ne5 Qc7 20. Nxd7 Nxd7 21. exd5 Nxd5 22. Nxd5 exd5 23. Qxd5 Nc5 24. Bb3 Nxb3 25. Qxb3 Bf6 26. c3 Rfe8 27. Rfd1 h5 28. Rd5 h4 29. Rad1 Re7 30. Qc2 Rce8 31. Qf5 Re5 32. Qf3 R5e7 33. Rc5 Qb8 34. Bf4 Qa7 35. Rf5 Re1+ 36. Rxe1 Rxe1+ 37. Kh2 b5 38. axb6 Qxb6 39. Qa8+ Qd8 40. Qxd8+ Bxd8 41. Re5 Rd1 42. Re2 Bb6 43. f3 Bg1+ 0-1

[Event "Medellin de La Raza op"]
[Site "Medellin"]
[Date "2023.10.15"]
[Round "7"]
[White "Ripa Carrasco, Dario"]
[Black "Olarte Parra, Jhoan Sebastian"]
[Result "1/2-1/2"]
[WhiteElo "2131"]
[BlackElo "1977"]
[PlyCount "80"]
[EventDate "2023.10.12"]
[EventType "swiss"]
[EventRounds "10"]
[EventCountry "COL"]
[SourceTitle "Mega2024 Update 01"]
[Source "Chessbase"]
[SourceDate "2023.11.12"]
[SourceVersion "1"]
[SourceVersionDate "2023.11.12"]
[SourceQuality "1"]

1. d4 Nf6 2. c4 e6 3. g3 d5 4. Bg2 Be7 5. Nf3 0-0 6. 0-0 dxc4 7. Qc2 a6 8. a4 Bd7 9. Ne5 Bc6 10. Nxc6 Nxc6 11. Bxc6 bxc6 12. Qxc4 Qd5 13. Nd2 Rfd8 14. e3 c5 15. Qxd5 Rxd5 16. Nf3 Ne4 17. Nd2 Nxd2 18. Bxd2 cxd4 19. exd4 Rxd4 20. Be3 Rd5 21. Rfc1 c5 22. Rc4 Rb8 23. Rac1 Rxb2 24. Bxc5 Kf8 25. Be3 a5 26. Rc7 Rb8 27. Kg2 e5 28. h4 Ke8 29. Ra7 Bd8 30. h5 Rd7 31. h6 g6 32. Ra6 Rb4 33. Rc8 Rxa4 34. Bg5 Rd5 35. Raa8 Rad4 36. Bxd8 Rxd8 37. Rxd8+ Rxd8 38. Rxa5 f6 39. Ra7 Rd7 40. Ra8+ Rd8 1/2-1/2

[Event "Medellin de La Raza op"]
[Site "Medellin"]
[Date "2023.10.13"]
[Round "3"]
[White "Ayala Delgado, Sergio Alejandro"]
[Black "Ripa Carrasco, Dario"]
[Result "1-0"]
[WhiteElo "1902"]
[BlackElo "2131"]
[PlyCount "71"]
[EventDate "2023.10.12"]
[EventType "swiss"]
[EventRounds "10"]
[EventCountry "COL"]
[SourceTitle "Mega2024 Update 01"]
[Source "Chessbase"]
[SourceDate "2023.11.12"]
[SourceVersion "1"]
[SourceVersionDate "2023.11.12"]
[SourceQuality "1"]

1. e4 c5 2. Nf3 e6 3. c3 Nf6 4. e5 Nd5 5. d4 cxd4 6. cxd4 d6 7. Bc4 Be7 8. 0-0 0-0 9. Qe2 Bd7 10. Be3 Bc6 11. Nc3 Nxc3 12. bxc3 Qc7 13. Bd3 Nd7 14. Bf4 Rac8 15. Rab1 dxe5 16. Nxe5 Nxe5 17. Bxe5 Bd6 18. f4 f6 19. Qh5 f5 20. c4 Bxe5 21. fxe5 g6 22. Qg5 Qg7 23. Rfd1 Rfd8 24. d5 h6 25. Qh4 exd5 26. cxd5 Bxd5 27. Bc4 g5 28. Rxd5 gxh4 29. Rxd8+ Kh7 30. Rxc8 b6 31. Re1 h3 32. Bf1 Qd7 33. Rcc1 Qd4+ 34. Kh1 f4 35. e6 Qd5 36. Rc7+ 1-0

[Event "Natal zt 2.4"]
[Site "Natal"]
[Date "2022.10.07"]
[Round "8"]
[White "Ripa Carrasco, Dario"]
[Black "Mendes Domingues, Ribeiro Matheus"]
[Result "1/2-1/2"]
[WhiteElo "2076"]
[BlackElo "2198"]
[PlyCount "87"]
[EventDate "2022.10.03"]
[EventType "swiss"]
[EventRounds "9"]
[EventCountry "BRA"]
[SourceTitle "EXT 2024"]
[Source "ChessBase"]
[SourceDate "2023.10.10"]
[SourceVersion "1"]
[SourceVersionDate "2023.10.10"]
[SourceQuality "1"]

1. d4 d5 2. Nf3 e6 3. c4 Nf6 4. g3 Nc6 5. Nbd2 Bd6 6. Bg2 0-0 7. 0-0 a5 8. Re1 Ne4 9. Qc2 f5 10. a3 Qf6 11. e3 a4 12. Nb1 Bd7 13. Bd2 dxc4 14. Qxc4 Na5 15. Bxa5 Rxa5 16. Nc3 Bc6 17. Rac1 Kh8 18. Qe2 h6 19. Qc2 g5 20. Nd2 Nxc3 21. Qxc3 Ra6 22. Qd3 Bd5 23. Nc4 Bxc4 24. Qxc4 e5 25. dxe5 Bxe5 26. Rc2 Rb6 27. Qxa4 Rxb2 28. Rxb2 Bxb2 29. Bxb7 Qc3 30. Qb4 Qxb4 31. axb4 Rb8 32. Rb1 Bc3 33. Rc1 Be5 34. Bc6 f4 35. exf4 gxf4 36. b5 Rf8 37. Re1 Bd6 38. Kg2 Kg7 39. Rd1 Rf6 40. Rd2 h5 41. h4 fxg3 42. fxg3 Rg6 43. Rd3 Re6 44. Rd5 1/2-1/2

[Event "Natal zt 2.4"]
[Site "Natal"]
[Date "2022.10.06"]
[Round "7"]
[White "Quintiliano Pinto, Renato Rodrigues"]
[Black "Ripa Carrasco, Dario"]
[Result "1-0"]
[WhiteElo "2506"]
[BlackElo "2076"]
[PlyCount "71"]
[EventDate "2022.10.03"]
[EventType "swiss"]
[EventRounds "9"]
[EventCountry "BRA"]
[SourceTitle "EXT 2024"]
[Source "ChessBase"]
[SourceDate "2023.10.10"]
[SourceVersion "1"]
[SourceVersionDate "2023.10.10"]
[SourceQuality "1"]

1. d4 Nf6 2. c4 c5 3. d5 b5 4. cxb5 a6 5. e3 g6 6. Nc3 d6 7. Nf3 Bg7 8. a4 0-0 9. e4 e6 10. Be2 axb5 11. Bxb5 Ba6 12. Bxa6 Nxa6 13. dxe6 fxe6 14. 0-0 d5 15. exd5 exd5 16. Bg5 Nb4 17. Qb3 Rb8 18. Nb5 Qd7 19. Bf4 Rb6 20. Rad1 Ne4 21. Be5 Qf5 22. Bxg7 Kxg7 23. Nfd4 Qe5 24. f3 Rbf6 25. Nc2 Ng5 26. Nxb4 cxb4 27. Qxb4 Rf4 28. Qc3 Qxc3 29. Nxc3 Rd8 30. Rxd5 Rxd5 31. Nxd5 Rxa4 32. b4 Nf7 33. Rc1 Nd6 34. Rc7+ Kh6 35. h4 g5 36. Rc6 1-0

[Event "Moquegua Ilo GP"]
[Site "Moquegua Ilo"]
[Date "2017.11.04"]
[Round "7"]
[White "Hilario Huaranca, Aleyla Karen"]
[Black "Ripa Carrasco, Dario"]
[Result "1/2-1/2"]
[WhiteElo "1921"]
[BlackElo "2042"]
[PlyCount "43"]
[EventDate "2017.11.01"]
[EventType "swiss"]
[EventRounds "8"]
[EventCountry "PER"]
[SourceTitle "CBM 181 Extra"]
[Source "ChessBase"]
[SourceDate "2017.12.12"]
[SourceVersion "1"]
[SourceVersionDate "2017.12.12"]
[SourceQuality "1"]

1. d4 Nf6 2. Nf3 e6 3. g3 Be7 4. Bg2 0-0 5. c4 d5 6. 0-0 dxc4 7. Ne5 Nc6 8. Bxc6 bxc6 9. Nxc6 Qe8 10. Nxe7+ Qxe7 11. b3 cxb3 12. axb3 Rd8 13. Nc3 Bb7 14. Qc2 Qd7 15. Rd1 Qc6 16. f3 Nd5 17. Bd2 Nb4 18. Qb2 Rxd4 19. Na2 Qb6 20. e3 Qc6 21. Rf1 Rxd2 22. Qxd2 1/2-1/2